000 00337nam a2200133 i 4500
001 bg
100 1 _aJANKOWIAK, Roman
245 0 _aBadania doświadczalne deformacji belek żelbetowych /
_cRoman Jankowiak.
260 _aWarszawa,
_c1971.
040 _cBPK
041 _apol
942 _cKS
008 s pl f |000 0 pol
999 _c20621
_d20621
856 _uhttp://koha.tu.koszalin.pl/cgi-bin/koha/opac-detail.pl?biblionumber=20621
_yKatalog online BPK